Films d'horreur - Mort subite - Statistiques

Statistiques générales
  • Ce quiz a été pris 813 fois
  • Le résultat moyen est 6 sur 20
Answers on the Grid
Answers color-coded by a green-red scale on the quiz's grid according to % correct below.
À l'intérieur
American nightmare
Coherence
Coraline
Dernier train pour Busan
Eden lake
Esther
Irréversible
Jeu d'enfant
Kill Bill
L'exorciste
La main
La mouche
La plateforme
Little evil
Mulholland drive
Nosferatu
Panic room
Phone booth
Primer
Requiem for a dream
Rosemary's baby
Scream
Se7en
The burning moon
The shining
Titane
Trick 'r treat
Unfriended
X
 
Statistiques - réponses
Réponse % Correct
American nightmare
77%
L'exorciste
71%
Dernier train pour Busan
48%
Esther
46%
The shining
46%
Scream
44%
La mouche
35%
Nosferatu
35%
La main
31%
Jeu d'enfant
25%
Eden lake
24%
Coraline
23%
Rosemary's baby
21%
À l'intérieur
19%
X
17%
Little evil
15%
Unfriended
15%
Trick 'r treat
12%
Titane
7%
The burning moon
2%
Aucun quiz correspondant
Distribution des résultats
% des personnes avec chaque résultat
Percentile par nombre de réponses
Votre historique - résultats
Vous n’avez pas pris ce quiz